States Bordering Tennessee - Statistics

General Stats
  • This quiz has been taken 15 times
  • The average score is 7 of 8
Answer Stats
Answer % Correct
Alabama
100%
Georgia
100%
Kentucky
100%
Mississippi
93%
Missouri
93%
Arkansas
86%
North Carolina
79%
Virginia
64%
No matching quizzes found
Score Distribution
Percent of People with Each Score
Percentile by Number Answered
Your Score History
You have not taken this quiz